A report on seminar on economic policy option (Record no. 501614)

000 -LEADER
fixed length control field 00437cam a22001217a 4500
008 - FIXED-LENGTH DATA ELEMENTS--GENERAL INFORMATION
fixed length control field 180718b1977 xxu||||| |||| 00| 0 eng d
082 ## - DEWEY DECIMAL CLASSIFICATION NUMBER
Classification number T19x54 In2se
245 ## - TITLE STATEMENT
Title A report on seminar on economic policy option
Statement of responsibility, etc. by Indian Insttiute of Public Administration, India
260 ## - PUBLICATION, DISTRIBUTION, ETC.
Place of publication, distribution, etc. Delhi
Name of publisher, distributor, etc. Indian Insttiute of Public Administration
Date of publication, distribution, etc. 1977
300 ## - PHYSICAL DESCRIPTION
Extent 116p.
650 ## - SUBJECT ADDED ENTRY--TOPICAL TERM
Topical term or geographic name entry element Economics
700 ## - ADDED ENTRY--PERSONAL NAME
Personal name India. Indian Insttiute of Public Administration
Holdings
Withdrawn status Lost status Damaged status Not for loan Permanent Location Current Location Date acquired Full call number Barcode Date last seen Price effective from Koha item type
        Indian Institute of Public Administration Indian Institute of Public Administration 2018-08-04 T19x54 In2se GR11089 2018-08-04 2018-08-04 GR
        Indian Institute of Public Administration Indian Institute of Public Administration 2018-08-04 T19x54 In2se GR11088 2018-08-04 2018-08-04 GR

Powered by Koha